| 000 | 02289ncm0a22004211 4500 | ||
|---|---|---|---|
| 001 | RU\NLR\ONIZ\219722 | ||
| 005 | 20250626085207.0 | ||
| 010 | _z978-5-99084498-7-7 | ||
| 021 |
_aRU _b17-98н _917-6н |
||
| 035 | _aRU\NLR\ONIZ\Таня\5000005563\20170925111548 | ||
| 035 | _a(NLR Aleph) 011535313 | ||
| 090 |
_a12166472 _c12166472 |
||
| 100 | _a20170925d2016 |||y0rusy50 ca | ||
| 101 | 0 | _arus | |
| 102 | _aRU | ||
| 125 | _azx | ||
| 128 | _afso | ||
| 145 | 0 | _aa | |
| 200 | 1 |
_aРасцвел в поле цветочек _bНоты _eнар. песни котовского района Волгоградской обл. _eхрестоматия _fавт.-сост. С. Ю. Пальгов, Н. И. Лавренова |
|
| 210 |
_aВолгоград _cБЛАНК _d2016 |
||
| 215 |
_a98 с. _cцв. ил., фотопортр. _d20 см |
||
| 300 | _aКрат. биогр. справка: с. 4 обл. | ||
| 300 | _aПредисл.: с. 3-4 | ||
| 313 | _aСистематизация документа проведена по изданию - Методика классифицирования музыкальных произведений (нотных изданий) по таблицам Библиотечно-библиографических классификаций : метод. рекомендации / Гос. б-ка СССР им. В.И. Ленина.- М., 1977. Индексу ББК методических рекомендаций присваивается код ББК для научных библиотек - LBC/SL | ||
| 606 | 1 |
_aНародные песни русские Волгоградская область _yРоссия _jНоты _2nlr_sh |
|
| 686 |
_aЩ92(2Р)-49я43 _vLBC/SL _2rubbk |
||
| 700 | 1 |
_9z01790 _aПальгов _bС. Ю. _gСергей Юрьевич _4220 |
|
| 701 | 1 |
_9z02790 _aЛавренова _bН. И. _gНаталья Ивановна _4220 |
|
| 790 | 1 |
_9z01700 _aPal'gov _bS. Yu. _gSergej Yur'evich _4220 |
|
| 790 | 1 |
_9z02701 _aLavrenova _bN. I. _gNatal`ya Ivanovna _4220 |
|
| 801 | 0 |
_aRU _bNLR _c20170925 _gPSBO |
|
| 801 | 1 |
_aRU _bNLR _c20170925 _2rusmarc |
|
| 801 | 2 |
_aRU _bNLR _c20170925 |
|
| 852 |
_aNLR _bМ _jК-2/4818 _pМОЭ 2017-6н/98н (2 экз.) _t1 |
||
| 942 | _cSCORE | ||
| 980 | _aNB | ||
| 980 | _aONIZ | ||